Регионална библиотека "Любен Каравелов" - Русе

Моята първа книга за Иван Вазов (Запис номер 105360)

MARC детайли
000 -Лидер
Контролно поле с фиксирана дължина 01781nam a2200445 c 4500
003 - Код на организацията, давaща контролен номер
Контролно поле BLK
005 - Дата и час на последна редакция
Контролно поле 20250228174053.0
008 - Елементи от данни с фиксирана дължина
fixed length control field 180409b bul|||||r ||||||| ||bul||
010 ## - Наследен системен номер
LC control number KNG00110578000
020 ## - Международен стандартен номер на книга ISBN
Международен стандартен номер на книга ISBN 978-954-660-079-0
040 ## - Източник на каталожния запис
Идентификатор на билиотеката - собственик на записа BLK
041 ## - Код за език
Код за езика на текст/звукозапис или на отделно заглавие Български
Код за езика КДБФ Български
072 #7 - Код за тематичната категория
Код организация bullib
Код за тематична категория Н86
Текст Детска отраслова литература Н
080 ## - УДК
Текстов определител УДК Българска литература
УДК код - определител по УДК 821.163.2
УДК определител (092):087.5
УДК - код + определител 821.163.2(092):087.5
080 ## - УДК
Текстов определител УДК Български поет и писател
УДК код - определител по УДК 929 Вазов, Иван Минчов
УДК - код + определител 929 Вазов, Иван Минчов
100 1# - Редна дума - Автор
Автор Русанов, Любомир Кирилов
R(LIN) 117434
139 ## - Редно поле
Редна дума Русанов, Любомир Кирилов
Авторски знак Вазов, Ив. - В 15
245 10 - Сведения за заглавието
Заглавие Моята първа книга за Иван Вазов
Редно поле (дума) Любомир Кирилов Русанов; ил. Христо Хаджитанев.
257 ## - Страна на издаване
Страна на създаване/издаване България
260 ## - Област на издателските данни
Име на издателя, разпространителя и проч. ПАН
Година на издаване 2011
Място на издаване, разпространение и проч. София
300 ## - Физическа характеристика
Страници 16 с.
Илюстрации и др. с цв. ил.
Размери/Мащаб 28 см
380 ## - Жанр
Жанр Детска отраслова лит.
490 ## - СЕРИИ (Колекции)
Име на серия Поредица Моята първа книга за...
9 (RLIN) 206289
600 14 - Име на лице, използвано като предмет
За него / За нея Вазов, Иван Минчов
9 (RLIN) 363396
650 #0 - Допълнително описание по предмет – тема
Основно описание – тема или топоним Писатели, български
9 (RLIN) 241944
650 #4 - Допълнително описание по предмет – тема
Основно описание – тема или топоним Вазов, Иван Минчов
9 (RLIN) 363396
653 ## - Ключова дума – ненормативна
Ключова дума български писатели
653 ## - Ключова дума – ненормативна
Ключова дума биографии
653 ## - Ключова дума – ненормативна
Ключова дума творчество
653 ## - Ключова дума – ненормативна
Ключова дума Иван Вазов
659 ## - Тематичен бюлетин
Тематичен бюлетин Н
700 1# - Други автори (авторска отговорност)
Лично име Хаджитанев, Христо
Автороска отговорност (Описва отношението между автора и произведението) ил.
9 (RLIN) 367974
852 ## - Местоположение
Форматна сигнатура Цб ІІ 17255
856 4# - Електронен адрес и достъп
Електронен формат pdf - файл
856 4# - Електронен адрес и достъп
Електронен формат pdf - файл
999 ## - СИСТЕМНИ КОНТРОЛНИ НОМЕРА
Koha biblionumber 105360
Koha biblioitemnumber 105360
942 ## - АРТИКУЛИ
Вид на библиотечния материал Книги
Скрит в OPAC Не
Koha issues (borrowed), all copies 24
Периодичен библиозапис Да
944 ## - СЪЗДАВАНЕ И РЕДАКЦИЯ на ЗАПИСА
Създаване/Редакция Създаване
Дата на регистрацията/редакция 21.05.2012
Служител, извършил регистрацията/редакцията 30543
Статус, дата на статуса Ива Цветкова
944 ## - СЪЗДАВАНЕ И РЕДАКЦИЯ на ЗАПИСА
Създаване/Редакция Редакция
Дата на регистрацията/редакция 17.10.2016
Служител, извършил регистрацията/редакцията Пенка_Димитрова
999 ## - СИСТЕМНИ КОНТРОЛНИ НОМЕРА
Koha biblioitemnumber 105360
Наличности
Код за отписване Код за изгубен артикул Източник на класификационната схема Код за повреда Коз за рестрикции Код за отдаване Артикулен № Име на библиотеката - собственик Име на библиотеката, в която се намира в момента Статус (Текущо местоположение) Дата на вписване в системата Местоположение - отдел Цена в лева Инвентарен номер Систематично азбучна сигнатура Баркод Номер на екземпляра Цена в евро Служебна бележка Служебен тип на артикула
  Не е изгубен Universal Decimal Classification Не е повреден без рестрикции заемане за дома 170102 Регионална библиотека "Любен Каравелов" Русе Регионална библиотека "Любен Каравелов" Русе Детски отдел 2012-05-21 Детски отдел 2.61 120000757655 ДН 821.163.2(092)/В 15 120000757655 1 1.33 Дост: DA Вид: А N: 7 Дата: 16.05.2012 Дата инв: 24.08.2015 Бележки инв: Д2015 Книги
  Не е изгубен Universal Decimal Classification Не е повреден без рестрикции заемане за дома 170103 Регионална библиотека "Любен Каравелов" Русе Регионална библиотека "Любен Каравелов" Русе Детски отдел 2012-05-21 Детски отдел 2.61 120000757656 ДН 821.163.2(092)/В 15 120000757656 2 1.33 Дост: DA Вид: А N: 7 Дата: 16.05.2012 Дата инв: 18.08.2015 Бележки инв: Д2015 Книги
  Не е изгубен Universal Decimal Classification Не е повреден без рестрикции заемане за дома 170104 Регионална библиотека "Любен Каравелов" Русе Регионална библиотека "Любен Каравелов" Русе Детски отдел 2012-05-21 Детски отдел 2.61 120000757657 ДН 821.163.2(092)/В 15 120000757657 3 1.33 Дост: DA Вид: А N: 7 Дата: 16.05.2012 Дата инв: 18.08.2015 Бележки инв: Д2015 Книги
  Не е изгубен Universal Decimal Classification Не е повреден без рестрикции заемане за дома 170105 Регионална библиотека "Любен Каравелов" Русе Регионална библиотека "Любен Каравелов" Русе Детски отдел 2012-05-21 Детски отдел 2.61 120000757658 ДН 821.163.2(092)/В 15 120000757658 4 1.33 Дост: DA Вид: А N: 7 Дата: 16.05.2012 Дата инв: 18.08.2015 Бележки инв: Д2015 Книги
  Не е изгубен Universal Decimal Classification Не е повреден без рестрикции заемане за дома 170106 Регионална библиотека "Любен Каравелов" Русе Регионална библиотека "Любен Каравелов" Русе Детски отдел 2012-05-21 Детски отдел 2.61 120000757659 ДН 821.163.2(092)/В 15 120000757659 5 1.33 Дост: DA Вид: А N: 7 Дата: 16.05.2012 Дата инв: 18.08.2015 Бележки инв: Д2015 Книги
  Не е изгубен Universal Decimal Classification Не е повреден без рестрикции ползва се в читалня 170107 Регионална библиотека "Любен Каравелов" Русе Регионална библиотека "Любен Каравелов" Русе Хранилище 2016-10-17 Хранилище 2.90 120000804860 Цб ІІ 17255 120000804860 6 1.48 Дост: Dp Вид: Д N: 38 Дата: 24.08.2016 Книги
Vip Innovations Ltd, Rousse, Bulgaria 2025